000 00192nam a22000857a 4500
008 170603b xxu||||| |||| 00| 0 eng d
100 _93236
_aPeach. L. G
245 _aHenry VIII
260 _bladybird
999 _c6550
_d6550